000 00332nam a2200133Ia 4500
008 240624s9999 xx 000 0 und d
041 _aeng
082 _a920 SYE
100 _aSYED M H
245 _aASHOKA THE GREAT
260 _c2011
_aMumbai
_bHimalaya Publishing House
300 _avii, : 368 : p. : cm. ; 22
365 _cRS
_b30
999 _c19506
_d19506